000 01023cam a2200325 a 4500
001 2068
003 FISKH
005 20250519142911.0
008 101124s2011 nyuab j b 001 0 eng
010 _a 2010045962
020 _a9780531205556 (hardcover)
020 _a9780531281048 (softcover)
040 _aDLC
_cDLC
_dDLC
_beng
042 _apcc
050 0 0 _aQH541.5.D4
_bB465 2011
082 0 0 _a577.54
_222
100 1 _aBenoit, Peter,
_d1955-
245 1 0 _aDeserts /
_cPeter Benoit.
260 _aNew York :
_bScholastic,
_c2011.
300 _a48 pages :
_bcolor illustrations ; map ;
_c22 cm
490 0 _aA true book
505 _aR
520 _aExplores the desert ecology, discusses how some are formed, and explains how people, animals, and plants survive there.
521 8 _a750
_bLexile
521 8 _aR
_bRaz-Plus
650 0 _aDesert ecology
_vJuvenile literature.
650 0 _aDeserts
_vJuvenile literature.
906 _a7
_bcbc
_corignew
_d1
_eecip
_f20
_gy-gencatlg
942 _2ddc
_cBK
_n0
999 _c2068
_d2068